Leadership učte se od velkých vůdců

Guardado en:
Detalles Bibliográficos
Autor principal: Adair, John
Otros Autores: Kalová, Jana
Formato: Libro
Lenguaje:checo
Publicado: Brno Computer Press 2006
Materias:
Etiquetas: Agregar Etiqueta
Sin Etiquetas, Sea el primero en etiquetar este registro!

MARC

LEADER 00000nam$a2200000$$$4500
001 0104565
005 20240313133129.6
020 |a 80-251-1256-X 
041 0 |a cze 
044 |a CZ 
245 1 0 |a Leadership  |b učte se od velkých vůdců  |c John Adair ; překlad: Jana Kalová 
264 1 |a Brno  |b Computer Press  |c 2006 
300 |a 289 s. 
610 2 0 |a vodcovstvo 
610 2 0 |a vedenie ľudí 
610 2 0 |a dejiny 
610 2 0 |a história 
610 2 0 |a osobnosť 
610 2 0 |a vojaci 
610 2 0 |a vojny 
610 2 0 |a rozhodovanie 
610 2 0 |a vývoj spoločenský 
610 2 0 |a pokrok vedeckotechnický 
610 2 0 |a manažéri 
610 2 0 |a štúdie prípadové 
100 1 |a Adair, John 
700 1 |a Kalová, Jana